| 000 | 00460cam a22001697a 4500 | ||
|---|---|---|---|
| 020 | _a9789812838773 | ||
| 020 | _a9812838775 | ||
| 040 | _cSITPL | ||
| 082 | _a971 WOR 2009 A105 Or. | ||
| 245 | 0 | 0 |
_aBioinformatics : _ba Swiss perspective / |
| 260 |
_aHackensack, NJ : _bWorld Scientific, _cc2009. |
||
| 300 |
_axx, 443 p. : _bill. (some col.) ; _c24 cm. |
||
| 650 | 0 | _aBioinformatics. | |
| 700 | 1 | _aAppel, Ron D. | |
| 700 | 1 | _aFeytmans, Ernest. | |
| 942 | _cEK | ||
| 999 |
_c15738 _d15738 |
||